countries of Europe - Statistics

General Stats
  • This quiz has been taken 41 times
  • The average score is 12 of 14
Answers on the Grid
Answers color-coded by a green-red scale on the quiz's grid according to % correct below.
france
spain
morroco
Turkey
denmark
slovenia
cameroon
singapore
sweden
guyana
Moldova
India
Burundi
Guinea
Papau New Guinea
Andorra
Commoros
Sao Tome and Principe
Malta
San Marino
Cape Verde
Japan
Kosovo
North Macedonia
Malawi
Angola
Australia
India
Slovakia
Monoca
 
Answer Stats
Answer % Correct
spain
100%
denmark
97%
france
97%
slovenia
97%
Slovakia
94%
sweden
94%
Malta
87%
Andorra
84%
North Macedonia
84%
San Marino
84%
Kosovo
81%
Moldova
81%
Monoca
77%
Turkey
68%
No matching quizzes found
Score Distribution
Percent of People with Each Score
Percentile by Number Answered
Your Score History
You have not taken this quiz